Normal view
MARC view
- عالم عربي- حضارة
Entry Topical Term
001 - CONTROL NUMBER
- control field: 45464
003 - CONTROL NUMBER IDENTIFIER
- control field: JO-AjAnu
005 - DATE AND TIME OF LATEST TRANSACTION
- control field: 20230606081524.0
008 - FIXED-LENGTH DATA ELEMENTS
- fixed length control field: 230606|| aca||aabn | a|a d
040 ## - CATALOGING SOURCE
- Original cataloging agency: JO-AjAnu
- Transcribing agency: JO-AjAnu
150 ## - HEADING--TOPICAL TERM
- Topical term or geographic name entry element: عالم عربي- حضارة
670 ## - SOURCE DATA FOUND
- Source citation: Work cat.: (JO-AjAnu)23278: النقيب، خلدون حسن؛ تحرير حسين، عبد الرحيم, author 45463, آراء في فقه التخلف: العرب والغرب في عصر العولمة